| 000 | 00732nam a22001577a 4500 | ||
|---|---|---|---|
| 003 | OSt | ||
| 005 | 20150927100245.0 | ||
| 008 | 150927b xxu||||| |||| 00| 0 eng d | ||
| 040 | _cRUA | ||
| 082 | _aAGR TOU 2013 B057 Or.1 | ||
| 100 |
_91404 _aTOUN, SEREY OUDOM. |
||
| 245 | _aComparison of different animal manure fertilizers and biocin f on chinese chives at kosh anlong chen district kandal province, ប្រៀបធៀបប្រភេទជីលាមកផ្សេងៗគ្នា និងជីBIOCIN F ដំណាំគូឆាយស្លឹកនៅកោះអន្លុងចិន ខេត្តកណ្តាល | ||
| 260 |
_aPhnom Penh _bRUA _c2013 |
||
| 300 |
_axi; 41p. _bill. _c29cm. |
||
| 942 |
_2ddc _cAGR |
||
| 999 |
_c1319 _d1319 |
||